|
|
|
|
| LEADER |
00000nam1a2200000 4500 |
| 001 |
234602 |
| 005 |
20231031204041.0 |
| 035 |
|
|
|a (RuTPU)RU\TPU\book\255727
|
| 035 |
|
|
|a RU\TPU\book\268188
|
| 090 |
|
|
|a 234602
|
| 100 |
|
|
|a 20131209d1978 m y0rusy50 ca
|
| 101 |
0 |
|
|a rus
|
| 102 |
|
|
|a RU
|
| 200 |
1 |
|
|a VII Всесоюзная конференция по физике электронных и атомных столкновений
|e тезисы докладов, Петрозаводск, 26-28 сентября 1978 г.
|f Петрозаводский государственный университет (ПетрГУ) ; Академия наук СССР (АН СССР), Физико-технический институт им. А. Ф. Иоффе (ФТИ)
|
| 210 |
|
|
|a Петрозаводск
|d 1978
|
| 712 |
0 |
2 |
|a Петрозаводский государственный университет (ПетрГУ)
|2 stltpush
|3 (RuTPU)RU\TPU\col\1601
|
| 712 |
0 |
2 |
|a Академия наук СССР (АН СССР)
|b Физико-технический институт им. А. Ф. Иоффе (ФТИ)
|c (Ленинград)
|2 stltpush
|3 (RuTPU)RU\TPU\col\12056
|
| 712 |
1 |
2 |
|a Физика электронных и атомных столкновений
|b конференция
|d 7
|e Петрозаводск
|f 1978
|
| 801 |
|
1 |
|a RU
|b 63413507
|c 20130326
|
| 801 |
|
2 |
|a RU
|b 63413507
|c 20131210
|g RCR
|
| 942 |
|
|
|c BK
|